[Event "Gelsenkirchen-ch U16"]
[Site "Gelsenkirchen"]
[Date "2003.06.05"]
[Round "5"]
[White "Klink, Marvin"]
[Black "Aulich, Marcell"]
[Result "0-1"]
[WhiteElo "1324"]
[BlackElo "1500"]
[PlyCount "50"]
[EventDate "2003.05.??"]
[EventType "swiss"]
[EventRounds "9"]
[EventCountry "GER"]
[SourceTitle "EXT 2005"]
[Source "ChessBase"]
[SourceDate "2004.11.15"]
[SourceVersion "1"]
[SourceVersionDate "2004.11.15"]
[SourceQuality "1"]

1. e4 c5 2. d4 cxd4 3. Qxd4 Nc6 4. Qa4 e6 5. Nf3 Nf6 6. g3 Be7 7. Bg2 a6 8. c3 b5 9. Qc2 Qc7 10. Be3 Ng4 11. 0-0 Nxe3 12. fxe3 0-0 13. Nbd2 Bb7 14. Rf2 Ne5 15. Raf1 Rac8 16. Nxe5 Qxe5 17. Qd1 f5 18. a3 d6 19. Qe2 Bxe4 20. Nxe4 fxe4 21. Rf4 Rxf4 22. exf4 Qc5+ 23. Qf2 Qxf2+ 24. Rxf2 d5 25. f5 Bc5 0-1

[Event "NRW-Ferienturnier U16"]
[Site "Wewelsburg"]
[Date "2001.08.13"]
[Round "3"]
[White "Klink, Marvin"]
[Black "Wirth, Benedikt"]
[Result "1/2-1/2"]
[WhiteElo "1082"]
[BlackElo "1141"]
[PlyCount "44"]
[EventDate "2001.08.??"]
[EventType "swiss"]
[EventRounds "7"]
[EventCountry "GER"]
[SourceTitle "EXT 2003"]
[Source "ChessBase"]
[SourceDate "2002.11.25"]
[SourceVersion "1"]
[SourceVersionDate "2002.11.25"]
[SourceQuality "1"]

1. e3 d5 2. Nf3 Bg4 3. Be2 Nf6 4. Nc3 g6 5. d3 Bh6 6. e4 Bxc1 7. Rxc1 dxe4 8. dxe4 Qxd1+ 9. Rxd1 0-0 10. h3 Bxf3 11. Bxf3 Nc6 12. e5 Nxe5 13. Bxb7 Rad8 14. Rxd8 Rxd8 15. Nb5 Rb8 16. Ba6 c6 17. Nc7 Rxb2 18. 0-0 Rxc2 19. Re1 Rc5 20. f4 Nd3 21. Rxe7 Nxf4 22. Ne8 Kf8 1/2-1/2